Espaces aleatoires /

সংরক্ষণ করুন:
গ্রন্থ-পঞ্জীর বিবরন
প্রধান লেখক: Pastre, Genevieve (লেখক)
বিন্যাস: গ্রন্থ
ভাষা:ফরাসি
প্রকাশিত: Paris : G.Pastre, [1994]
মালা:Les Octaviennes
ট্যাগগুলো: ট্যাগ যুক্ত করুন
কোনো ট্যাগ নেই, প্রথমজন হিসাবে ট্যাগ করুন!

MARC

LEADER 00000nam a22000007i 4500
001 IT\ICCU\UBO\2346491
003 ItRI
005 20260115232255.0
008 031120s1994 fr |||||| ||||| |||||c
040 |b ita  |c importazione bologna sebina 
041 7 |a fre  |2 ISO-639-2 
100 1 |a Pastre, Genevieve  |0 IT\ICCU\MILV\197734  |4 aut 
245 1 0 |a Espaces aleatoires /  |c Geneviève Pastre. 
260 |a Paris :  |b G.Pastre,  |c [1994] 
300 |a 15 p. ;  |c 15 x 21 cm. 
830 4 |a Les Octaviennes  |0 IT\ICCU\MIL\0363845 
942 |2 ddc  |c BK  |n 0 
952 |0 0  |1 0  |4 0  |6 L_841_910000000000000_PAS  |7 0  |9 23379  |a BO  |b BO  |d 2026-01-15  |i 3196  |l 0  |o L 841.91 PAS  |p BO3196  |r 2026-01-15 23:22:55  |w 2026-01-15  |x [Sebina 5] [1 v.]  |y BK  |z 1 v. 
999 |c 19928  |d 19928